Business letters for busy people : Time-saving, ready-to-use letters for any occasion (Record no. 170458)

MARC details
000 -LEADER
fixed length control field 00488nam a2200157Ia 4500
008 - FIXED-LENGTH DATA ELEMENTS--GENERAL INFORMATION
fixed length control field 231217s9999 xx 000 0 und d
041 ## - LANGUAGE CODE
Language code of text/sound track or separate title English
082 ## - DEWEY DECIMAL CLASSIFICATION NUMBER
Classification number 421 DUG;2
100 ## - MAIN ENTRY--PERSONAL NAME
Personal name Dugger, Jim
245 #0 - TITLE STATEMENT
Title Business letters for busy people : Time-saving, ready-to-use letters for any occasion
250 ## - EDITION STATEMENT
Edition statement 3rd ed.
260 ## - PUBLICATION, DISTRIBUTION, ETC.
Date of publication, distribution, etc. 1997
Name of publisher, distributor, etc. Jaico,
Place of publication, distribution, etc. Mumbai
300 ## - PHYSICAL DESCRIPTION
Extent 252
650 ## - SUBJECT ADDED ENTRY--TOPICAL TERM
Topical term or geographic name entry element Business,letters,busy,people,:,Time-saving,,ready-to-use,letters,any,occasion
942 ## - ADDED ENTRY ELEMENTS (KOHA)
Koha item type Books
Holdings
Date last seen Total checkouts Full call number Accession number Cost, total (INR) price Price effective from Category Lost status Damaged status Department Withdrawn status Home library Current library Shelving location Entry date Vendor Cost, normal purchase price Grants Billnumber Billdate Currency symbol Conversion rate Discount Old discount
26/01/2024   421 DUG;2 24805 97.50 26/01/2024 Books     Central Library   Central Library Central Library Central Library 09/01/2004 I K International 130.00 GEN 1825 11/04/2005 RS 1 32.5 25

© For any Suggestions or Query, please contact the library staff @ librarian@pes.edu or Phone: +9180 2672 1983/ 2108.